00646 a2200217 4500502002400000260001500024653001400039100002000053041000700073260003100080300001100111245008100122300002900203260002200232130000700254040001400261041000700275653003900282100008900321020001800410 aThèse de Doctorat aWageningen1 aAgronomie aKABEL A. Mirjam bEn bUniversité de Wageningen a127 p. aCharacterisation of complexxylo-oligosaccharides from xylan rich by-products bIll., Couv. ill. ; 24 cm c30 Septembre 2002 lEn aSupport  bEn 1aNutrition et Sciences Alimentaires uAbomey-Calavi, Université d'Abomey-Calavi, Faculté des Sciences Agronomiques, Bj a90-5808-696-8